Générique La Famille Pierrafeu - Paroles - Statistiques

Statistiques générales
  • Ce quiz a été pris 7 fois
  • Le résultat moyen est 5 sur 12
Statistiques - réponses
Paroles % Correct
Yabba-Dabba-{Doo}
100%
Voici les {Pierrafeu}
86%
De l'âge de la {pierre}
71%
Lorsque, Fred fait un tour en {voiture}
71%
Tout comme au bon {vieux} temps
57%
Qui vit à {Caillouville}
43%
Avec les {Pierrafeu}
29%
Notre préhistoire à sa {manière}
29%
On prend du Yabadi-bon {temps}
29%
Yabadi-tout l'{temps}
29%
C'est une vraie poursuite de {pointures}
0%
Une famille {moderne}
0%
Aucun quiz correspondant
Distribution des résultats
% des personnes avec chaque résultat
Percentile par nombre de réponses
Votre historique - résultats
Vous n’avez pas pris ce quiz